[Event "AUS-ch"]
[Site "Sydney"]
[Date "2020.01.13"]
[Round "11"]
[White "Lo, Willis"]
[Black "Plant, John Stuart"]
[Result "1-0"]
[WhiteElo "2108"]
[BlackElo "1993"]
[PlyCount "61"]
[EventDate "2020.01.02"]
[EventType "swiss"]
[EventRounds "11"]
[EventCountry "AUS"]
[SourceTitle "CBM 194 Extra"]
[Source "ChessBase"]
[SourceDate "2020.03.31"]
[SourceVersion "1"]
[SourceVersionDate "2020.03.31"]
[SourceQuality "1"]

1. c4 d6 2. Nc3 e5 3. g3 c6 4. Bg2 Nf6 5. e4 Be7 6. Nge2 0-0 7. d3 Be6 8. 0-0 d5 9. cxd5 cxd5 10. d4 exd4 11. Nxd4 Bg4 12. Qb3 dxe4 13. Qxb7 Qxd4 14. Qxa8 Nbd7 15. Be3 Qb4 16. Qxa7 Ne5 17. Qd4 Qa5 18. Nxe4 Nf3+ 19. Bxf3 Bxf3 20. Nd2 Ba8 21. f3 Rd8 22. Nc4 Qb5 23. a4 Qf5 24. Qe5 Qh3 25. Qxe7 Re8 26. Qb4 Bd5 27. Nd6 Rd8 28. Rad1 h5 29. Ne4 Ng4 30. fxg4 Qxg4 31. Nf6+ 1-0

[Event "AUS-ch"]
[Site "Sydney"]
[Date "2020.01.12"]
[Round "10"]
[White "Bayaca, Sterling"]
[Black "Lo, Willis"]
[Result "1/2-1/2"]
[WhiteElo "1994"]
[BlackElo "2108"]
[PlyCount "105"]
[EventDate "2020.01.02"]
[EventType "swiss"]
[EventRounds "11"]
[EventCountry "AUS"]
[SourceTitle "CBM 194 Extra"]
[Source "ChessBase"]
[SourceDate "2020.03.31"]
[SourceVersion "1"]
[SourceVersionDate "2020.03.31"]
[SourceQuality "1"]

1. e4 e5 2. Nf3 Nc6 3. Bb5 a6 4. Ba4 Nf6 5. 0-0 Be7 6. d3 b5 7. Bb3 d6 8. a4 b4 9. a5 0-0 10. Nbd2 Rb8 11. Nc4 Bg4 12. Be3 Qc8 13. h3 Bh5 14. Re1 Rd8 15. Ba4 Nd4 16. Bxd4 exd4 17. Bc6 Bf8 18. Ncd2 g5 19. Qc1 g4 20. hxg4 Qxg4 21. Nxd4 Bh6 22. Nf5 Bf4 23. Ne3 Qh4 24. g3 Qh3 25. e5 Bxe3 26. Rxe3 Ng4 27. Nf1 Nxe3 28. Qxe3 Qf5 29. Re1 dxe5 30. Qc5 f6 31. Ne3 Qh3 32. Nd5 Qe6 33. Nxc7 Qd6 34. Nxa6 Qxc5 35. Nxc5 Rbc8 36. Nb7 Rd4 37. Bg2 Bf7 38. a6 b3 39. cxb3 Bd5 40. Nd6 Ra8 41. Nf5 Bxg2 42. Nxd4 Bd5 43. Nb5 Rxa6 44. Nc7 Rd6 45. Nxd5 Rxd5 46. Rd1 Rb5 47. Rd2 Rxb3 48. Kg2 Kf7 49. Kf3 h5 50. Kg2 Kg6 51. Kh3 Kg5 52. d4 exd4 53. Rxd4 1/2-1/2

[Event "AUS-ch"]
[Site "Sydney"]
[Date "2020.01.10"]
[Round "8"]
[White "Puccini, Jack"]
[Black "Lo, Willis"]
[Result "1-0"]
[WhiteElo "2265"]
[BlackElo "2108"]
[PlyCount "155"]
[EventDate "2020.01.02"]
[EventType "swiss"]
[EventRounds "11"]
[EventCountry "AUS"]
[SourceTitle "CBM 194 Extra"]
[Source "ChessBase"]
[SourceDate "2020.03.31"]
[SourceVersion "1"]
[SourceVersionDate "2020.03.31"]
[SourceQuality "1"]

1. e4 e5 2. Nf3 Nc6 3. d4 exd4 4. Nxd4 Nf6 5. Nxc6 bxc6 6. e5 Qe7 7. Qe2 Nd5 8. g3 g6 9. c4 Ba6 10. b3 Bg7 11. Bb2 0-0 12. Bg2 Rae8 13. 0-0 Bxe5 14. Qxe5 Qxe5 15. Bxe5 Rxe5 16. cxd5 Bxf1 17. Kxf1 cxd5 18. Nc3 c6 19. Rd1 Rfe8 20. Bf3 Kf8 21. Ne2 Ke7 22. Rd4 Kd6 23. Ra4 Ra8 24. Ra5 Kc7 25. b4 f6 26. Nc1 d4 27. Ra4 a5 28. Nb3 d3 29. bxa5 d2 30. Rd4 Re1+ 31. Kg2 d1Q 32. Bxd1 d5 33. Bf3 Kd6 34. Rb4 Rb1 35. Rb7 Rb2 36. Bg4 f5 37. Bd1 Rxa2 38. Rxh7 c5 39. Rg7 c4 40. Rxg6+ Ke5 41. Nc1 Ra1 42. Ne2 d4 43. Nf4 d3 44. Bf3 R8xa5 45. h4 Ra6 46. Rg8 Rd6 47. h5 c3 48. h6 Ra7 49. Rg7 Rxg7 50. hxg7 Rd8 51. Nxd3+ Kf6 52. Bd1 Kxg7 53. Bc2 Ra8 54. Kf3 Ra2 55. Ne1 Ra1 56. Ng2 Kf6 57. Ne3 Ra5 58. Nxf5 Ke5 59. Ke3 Ra2 60. Nd4 Ra1 61. Ne2 Re1 62. f4+ Kf6 63. g4 Rh1 64. g5+ Kg7 65. Nxc3 Rc1 66. Kd3 Rf1 67. Nd5 Rf2 68. Kc3 Rg2 69. Be4 Re2 70. Kd4 Re1 71. Ke5 Kf7 72. f5 Kg7 73. f6+ Kf7 74. g6+ Kf8 75. Nc7 Rf1 76. Ne6+ Kg8 77. Bf5 Kh8 78. Ng5 1-0

[Event "AUS-ch"]
[Site "Sydney"]
[Date "2020.01.06"]
[Round "5"]
[White "Lo, Willis"]
[Black "McGowan, Cameron"]
[Result "1-0"]
[WhiteElo "2108"]
[BlackElo "2221"]
[PlyCount "147"]
[EventDate "2020.01.02"]
[EventType "swiss"]
[EventRounds "11"]
[EventCountry "AUS"]
[SourceTitle "CBM 194 Extra"]
[Source "ChessBase"]
[SourceDate "2020.03.31"]
[SourceVersion "1"]
[SourceVersionDate "2020.03.31"]
[SourceQuality "1"]

1. c4 Nf6 2. g3 g6 3. Bg2 Bg7 4. Nc3 0-0 5. d4 d6 6. Nf3 Nbd7 7. 0-0 e5 8. e4 exd4 9. Nxd4 Re8 10. h3 a6 11. Be3 Rb8 12. b3 c5 13. Nde2 b5 14. Qxd6 b4 15. Na4 Nxe4 16. Bxe4 Bxa1 17. Rxa1 Rxe4 18. Nxc5 Re8 19. Rd1 Qe7 20. Qxe7 Rxe7 21. Nf4 Nxc5 22. Bxc5 Rd7 23. Nd5 Kg7 24. Bd4+ f6 25. Bxf6+ Kf7 26. Be5 Rbb7 27. g4 Rd8 28. c5 Rb5 29. Bd6 Bb7 30. Ne3 Bc6 31. f4 a5 32. Rd4 Kg8 33. Nc4 Be8 34. Ne5 Rc8 35. Nd3 Rb7 36. Kf2 Ra8 37. Ne5 Rc8 38. f5 Kg7 39. Rf4 gxf5 40. gxf5 Kf6 41. Ng4+ Kf7 42. f6 h5 43. Nh6+ Ke6 44. Ng8 Rb5 45. f7 Bxf7 46. Rf6+ Kd7 47. Rxf7+ Ke6 48. Re7+ Kd5 49. Nf6+ Kd4 50. Nxh5 Kc3 51. Nf4 Kb2 52. Re2+ Kb1 53. Nd3 Rb7 54. h4 Rf7+ 55. Nf4 Rh8 56. Kg3 Rg7+ 57. Kh3 Rgh7 58. h5 Rc8 59. Kg4 Rg8+ 60. Ng6 Rf7 61. Kg5 Rf1 62. c6 Rc1 63. c7 Rc6 64. Be5 Re8 65. h6 Rg8 66. h7 Rgxg6+ 67. Kf5 Rh6 68. Rh2 Rxh7 69. Rxh7 Kxa2 70. Rh8 Kxb3 71. c8Q Rxc8 72. Rxc8 a4 73. Bd6 a3 74. Rb8 1-0

[Event "Doeberl Cup 57th"]
[Site "Canberra"]
[Date "2019.04.20"]
[Round "6"]
[White "McClymont, Brodie"]
[Black "Lo, Willis"]
[Result "1-0"]
[WhiteElo "2360"]
[BlackElo "2072"]
[PlyCount "99"]
[EventDate "2019.04.18"]
[EventType "swiss"]
[EventRounds "9"]
[EventCountry "AUS"]
[SourceTitle "CBM 189 Extra"]
[Source "ChessBase"]
[SourceDate "2019.06.03"]
[SourceVersion "1"]
[SourceVersionDate "2019.06.03"]
[SourceQuality "1"]

1. e4 e5 2. Nf3 Nc6 3. Bb5 a6 4. Ba4 Nf6 5. 0-0 Be7 6. Re1 b5 7. Bb3 d6 8. c3 0-0 9. h3 Nb8 10. d3 Bb7 11. Nbd2 c5 12. a3 Nbd7 13. Ba2 Qc7 14. Nf1 d5 15. exd5 Nxd5 16. d4 e4 17. N3d2 f5 18. dxc5 Kh8 19. Nxe4 fxe4 20. Bxd5 Nxc5 21. Bxb7 Qxb7 22. Be3 Nd3 23. Re2 Rad8 24. Qc2 Bd6 25. Rd1 Bb8 26. Bd4 Qf7 27. Ng3 Bxg3 28. fxg3 Qg6 29. Kh2 Rd5 30. Qd2 h5 31. Qe3 h4 32. gxh4 Nf4 33. Qxe4 Qd6 34. Be5 Rxd1 35. Bxd6 Nxe2 36. Bxf8 Rh1+ 37. Kxh1 Ng3+ 38. Kg1 Nxe4 39. Bb4 Nd2 40. Kf2 Nc4 41. b3 Nd2 42. Ke2 Nxb3 43. Kd1 a5 44. Kc2 a4 45. Kd3 Nc1+ 46. Kd2 Nb3+ 47. Ke3 Nc1 48. h5 Na2 49. Kd2 Nxb4 50. cxb4 1-0

[Event "Doeberl Cup 56th"]
[Site "Canberra"]
[Date "2018.03.31"]
[Round "5"]
[White "Kethro, Michael"]
[Black "Lo, Willis"]
[Result "1/2-1/2"]
[WhiteElo "2170"]
[BlackElo "2005"]
[PlyCount "103"]
[EventDate "2018.03.29"]
[EventType "swiss"]
[EventRounds "9"]
[EventCountry "AUS"]
[SourceTitle "CBM 187 Extra"]
[Source "ChessBase"]
[SourceDate "2018.11.04"]
[SourceVersion "1"]
[SourceVersionDate "2018.11.04"]
[SourceQuality "1"]

1. Nf3 d5 2. d4 Nf6 3. c4 c6 4. cxd5 cxd5 5. Nc3 Nc6 6. Bf4 Bf5 7. e3 e6 8. Qb3 Bb4 9. Bb5 0-0 10. Bxc6 Bxc3+ 11. Qxc3 Rc8 12. Ne5 Ne4 13. Qa3 bxc6 14. 0-0 f6 15. Nd3 g5 16. Bg3 h5 17. f3 Nxg3 18. hxg3 Qc7 19. Kf2 h4 20. gxh4 Qh7 21. Ke2 Rb8 22. Nf2 Qxh4 23. g4 Bg6 24. b3 Qh7 25. Rac1 e5 26. Rh1 Qf7 27. Rxc6 exd4 28. Qd6 Rbe8 29. Qh2 Rxe3+ 30. Kf1 Qg7 31. Rc7 Re7 32. Rxe7 Qxe7 33. Kg2 d3 34. Rc1 d2 35. Rd1 Qe3 36. Qd6 d4 37. Qb4 Qc3 38. Qc4+ Bf7 39. Qe2 Bd5 40. Ne4 Bxe4 41. Qxe4 f5 42. Qe6+ Rf7 43. Qe8+ Kg7 44. Rh1 fxg4 45. Qe5+ Kg6 46. Qe6+ Rf6 47. Qg8+ Kf5 48. Qd5+ Kg6 49. Qe4+ Kf7 50. Qd5+ Kg6 51. Qe4+ Kf7 52. Qd5+ 1/2-1/2

[Event "Doeberl Cup 56th"]
[Site "Canberra"]
[Date "2018.03.30"]
[Round "3"]
[White "Kargosha, Bahman"]
[Black "Lo, Willis"]
[Result "0-1"]
[WhiteElo "2211"]
[BlackElo "2005"]
[PlyCount "46"]
[EventDate "2018.03.29"]
[EventType "swiss"]
[EventRounds "9"]
[EventCountry "AUS"]
[SourceTitle "CBM 187 Extra"]
[Source "ChessBase"]
[SourceDate "2018.11.04"]
[SourceVersion "1"]
[SourceVersionDate "2018.11.04"]
[SourceQuality "1"]

1. d4 d5 2. c4 c6 3. Nc3 Nf6 4. e3 Bf5 5. cxd5 cxd5 6. Qb3 Nc6 7. Qxb7 Bd7 8. Qb3 Rb8 9. Qd1 e5 10. dxe5 Nxe5 11. Nge2 Qa5 12. Nf4 Bc6 13. Be2 Be7 14. 0-0 0-0 15. Rb1 Rfd8 16. Bd2 Qc7 17. Qc2 Qb7 18. f3 Ng6 19. Nxg6 hxg6 20. Rfd1 Bd6 21. Bc1 Qc7 22. g3 Bc5 23. Rd3 Qe7 0-1

[Event "AUS-ch Major"]
[Site "Cammeray"]
[Date "2018.01.12"]
[Round "11"]
[White "Lo, Willis"]
[Black "Phan, Nguyen Mai Chi"]
[Result "0-1"]
[WhiteElo "1974"]
[BlackElo "2122"]
[PlyCount "104"]
[EventDate "2018.01.02"]
[EventType "swiss"]
[EventRounds "11"]
[EventCountry "AUS"]
[SourceTitle "CBM 182 Extra"]
[Source "ChessBase"]
[SourceDate "2018.02.23"]
[SourceVersion "1"]
[SourceVersionDate "2018.02.23"]
[SourceQuality "1"]

1. c4 e5 2. g3 Nc6 3. Nc3 g6 4. Bg2 Bg7 5. e4 d6 6. Nge2 Nge7 7. d3 0-0 8. 0-0 Be6 9. Nd5 Qd7 10. Bg5 f6 11. Be3 f5 12. Qd2 Rf7 13. Rab1 a5 14. a3 a4 15. Bg5 fxe4 16. dxe4 Kh8 17. Nec3 Ng8 18. Nb5 Qc8 19. f4 Na5 20. Qd3 exf4 21. Rxf4 Rxf4 22. Bxf4 Bxd5 23. cxd5 Nb3 24. Be3 b6 25. Qc4 Nc5 26. Rf1 Qd7 27. Bd4 Nh6 28. Qc3 Bxd4+ 29. Qxd4+ Kg8 30. Nc3 Nf7 31. Qf6 Ne5 32. h4 Re8 33. h5 Qg7 34. Qg5 h6 35. Qh4 g5 36. Qh3 Nc4 37. Nb5 Nxb2 38. Qf5 Rf8 39. Qg4 Nc4 40. Rxf8+ Qxf8 41. Nxc7 Ne5 42. Qe2 Qc8 43. Nb5 Nb3 44. Kh2 Qc5 45. Bh3 Kg7 46. Be6 Nc1 47. Qf1 Ncd3 48. Na7 g4 49. Kh1 Qc2 50. Qg2 Nf2+ 51. Kg1 Nf3+ 52. Kf1 Qd1+ 0-1

[Event "AUS-ch Major"]
[Site "Cammeray"]
[Date "2018.01.09"]
[Round "8"]
[White "Lam, Ross"]
[Black "Lo, Willis"]
[Result "0-1"]
[WhiteElo "1926"]
[BlackElo "1974"]
[PlyCount "98"]
[EventDate "2018.01.02"]
[EventType "swiss"]
[EventRounds "11"]
[EventCountry "AUS"]
[SourceTitle "CBM 182 Extra"]
[Source "ChessBase"]
[SourceDate "2018.02.23"]
[SourceVersion "1"]
[SourceVersionDate "2018.02.23"]
[SourceQuality "1"]

1. e4 c6 2. Ne2 d5 3. e5 h5 4. d4 h4 5. h3 Bf5 6. Nf4 e6 7. Be2 c5 8. c3 Nc6 9. Qa4 cxd4 10. cxd4 Qb6 11. Bb5 a6 12. Nc3 Rc8 13. Bxc6+ Qxc6 14. Qxc6+ Rxc6 15. 0-0 Ne7 16. Be3 Nc8 17. Na4 Nb6 18. Nxb6 Rxb6 19. Rac1 Kd7 20. b3 Ba3 21. Rc3 Bb4 22. Ne2 Bxc3 23. Nxc3 Rc6 24. Na4 b6 25. Bd2 Bd3 26. Rd1 f6 27. Bb4 Bb5 28. Nc3 a5 29. Bxa5 Be2 30. Nxe2 bxa5 31. Rd2 Rhc8 32. Kf1 Rc2 33. Ke1 Rxd2 34. Kxd2 g5 35. exf6 Rf8 36. Ng1 Rxf6 37. Nf3 Kd6 38. Ke3 Rg6 39. Ne5 Rg7 40. Kf3 Rc7 41. Ke3 Rc2 42. Nf7+ Ke7 43. Nxg5 Rxa2 44. Nf3 Ra3 45. Nxh4 Rxb3+ 46. Kd2 a4 47. Kc2 Rb6 48. Ng6+ Kd6 49. Ne5 a3 0-1

[Event "AUS-ch Major"]
[Site "Cammeray"]
[Date "2018.01.06"]
[Round "6"]
[White "Zhong, Tony Junhao"]
[Black "Lo, Willis"]
[Result "0-1"]
[WhiteElo "1964"]
[BlackElo "1974"]
[PlyCount "96"]
[EventDate "2018.01.02"]
[EventType "swiss"]
[EventRounds "11"]
[EventCountry "AUS"]
[SourceTitle "CBM 182 Extra"]
[Source "ChessBase"]
[SourceDate "2018.02.23"]
[SourceVersion "1"]
[SourceVersionDate "2018.02.23"]
[SourceQuality "1"]

1. e4 c6 2. Nc3 d5 3. Nf3 Bg4 4. h3 Bxf3 5. Qxf3 e6 6. d3 Nd7 7. Bd2 Ngf6 8. g4 g6 9. 0-0-0 Bg7 10. h4 h5 11. g5 Ng4 12. Bh3 Qe7 13. exd5 cxd5 14. Bxg4 Ne5 15. Qg3 hxg4 16. Bf4 Nf3 17. Bd6 Qd7 18. Qxg4 Nxh4 19. Qb4 Qc6 20. Rxh4 Rxh4 21. Qxh4 Qxd6 22. d4 Ke7 23. f4 Rh8 24. Qf2 a6 25. Re1 Kf8 26. Nd1 b5 27. c3 b4 28. Qd2 Rh4 29. Rf1 bxc3 30. Nxc3 Qb4 31. Rd1 Kg8 32. Qe3 Rh2 33. Rd2 Rxd2 34. Qxd2 Bxd4 35. a3 Qc5 36. Qd3 Be3+ 37. Kd1 Bxf4 38. Qxa6 Qd4+ 39. Kc2 Qd2+ 40. Kb3 d4 41. Qa8+ Kg7 42. Ne4 Qd3+ 43. Ka2 Qc4+ 44. Ka1 d3 45. Qd8 Qxe4 46. Qf6+ Kg8 47. Qd8+ Kh7 48. Qf8 Qf5 0-1

[Event "AUS-ch Major"]
[Site "Cammeray"]
[Date "2018.01.05"]
[Round "5"]
[White "Lo, Willis"]
[Black "Althaf, Rifky"]
[Result "1-0"]
[WhiteElo "1974"]
[BlackElo "1657"]
[PlyCount "43"]
[EventDate "2018.01.02"]
[EventType "swiss"]
[EventRounds "11"]
[EventCountry "AUS"]
[SourceTitle "CBM 182 Extra"]
[Source "ChessBase"]
[SourceDate "2018.02.23"]
[SourceVersion "1"]
[SourceVersionDate "2018.02.23"]
[SourceQuality "1"]

1. c4 Nf6 2. g3 g6 3. Bg2 Bg7 4. Nc3 d6 5. e4 Nbd7 6. Nge2 0-0 7. 0-0 a5 8. d3 e5 9. h3 c6 10. Be3 Nc5 11. f4 Qe7 12. Qd2 exf4 13. gxf4 Nh5 14. d4 Nd7 15. b3 f5 16. e5 Re8 17. Bf3 dxe5 18. fxe5 f4 19. Bf2 Qg5+ 20. Kh1 Bxe5 21. dxe5 Nxe5 22. Bg2 1-0

[Event "AUS-ch Major"]
[Site "Cammeray"]
[Date "2018.01.03"]
[Round "2"]
[White "Lin, Kerry"]
[Black "Lo, Willis"]
[Result "0-1"]
[WhiteElo "1745"]
[BlackElo "1974"]
[PlyCount "102"]
[EventDate "2018.01.02"]
[EventType "swiss"]
[EventRounds "11"]
[EventCountry "AUS"]
[SourceTitle "CBM 182 Extra"]
[Source "ChessBase"]
[SourceDate "2018.02.23"]
[SourceVersion "1"]
[SourceVersionDate "2018.02.23"]
[SourceQuality "1"]

1. e4 c6 2. d4 d5 3. exd5 cxd5 4. Nf3 Nc6 5. Be2 Bg4 6. c3 Qc7 7. Na3 a6 8. Nc2 e6 9. Ne3 Bh5 10. b4 Bd6 11. a3 Nf6 12. c4 dxc4 13. Nxc4 0-0 14. Bb2 Bxf3 15. Bxf3 Nxb4 16. Rc1 Nbd5 17. Nxd6 Qxd6 18. 0-0 Rfc8 19. Qb3 b5 20. Bc3 Nxc3 21. Rxc3 Rxc3 22. Qxc3 Rd8 23. Rc1 h6 24. Qc6 Qxa3 25. h3 Qd6 26. Ra1 Qxc6 27. Bxc6 Rxd4 28. Rxa6 b4 29. Ra8+ Kh7 30. Rb8 Ne4 31. Bxe4+ Rxe4 32. Kh2 Kg6 33. Kg3 f5 34. f3 Rc4 35. Kf2 f4 36. g4 fxg3+ 37. Kxg3 Kf5 38. Rb5+ Kf6 39. Kf2 g5 40. Ke3 Rf4 41. Ke2 Kg6 42. Rb6 Kf5 43. Rb5+ Kf6 44. Ke3 Rh4 45. Kf2 Ke7 46. Ke3 Kd6 47. Rb6+ Kd5 48. Rb5+ Kc4 49. Rb6 Kc3 50. Rxe6 b3 51. Rc6+ Rc4 0-1

[Event "AUS-ch Major"]
[Site "Cammeray"]
[Date "2018.01.03"]
[Round "3"]
[White "Lo, Willis"]
[Black "Gong, Noah"]
[Result "1-0"]
[WhiteElo "1974"]
[BlackElo "1183"]
[PlyCount "81"]
[EventDate "2018.01.02"]
[EventType "swiss"]
[EventRounds "11"]
[EventCountry "AUS"]
[SourceTitle "CBM 182 Extra"]
[Source "ChessBase"]
[SourceDate "2018.02.23"]
[SourceVersion "1"]
[SourceVersionDate "2018.02.23"]
[SourceQuality "1"]

1. c4 Nf6 2. g3 g6 3. Bg2 Bg7 4. Nc3 d6 5. e4 e5 6. Nge2 0-0 7. 0-0 Nbd7 8. d3 a5 9. h3 Nc5 10. Be3 b6 11. f4 exf4 12. Bxc5 bxc5 13. e5 Rb8 14. exf6 Bxf6 15. gxf4 Rxb2 16. Rb1 Rxb1 17. Qxb1 Re8 18. Qb5 Bf5 19. Ne4 Bg7 20. Qxa5 Qd7 21. Kh2 Rb8 22. N2c3 c6 23. Rf2 h6 24. Qa4 Be6 25. Qc2 Bd4 26. Rf1 d5 27. Nd2 Qd6 28. Rf3 Kg7 29. Nb3 Bf6 30. Ne2 d4 31. Ng3 Qf8 32. Rf1 Bd7 33. Ne4 Be7 34. Kg1 f5 35. Ned2 Qc8 36. Nf3 Qc7 37. Ne5 Be8 38. Re1 Bd6 39. Qf2 Kh7 40. Re2 Kg7 41. Qg3 1-0

[Event "AUS-ch Major"]
[Site "Cammeray"]
[Date "2018.01.02"]
[Round "1"]
[White "Lo, Willis"]
[Black "Laurie, Robert"]
[Result "1-0"]
[WhiteElo "1974"]
[BlackElo "1592"]
[PlyCount "61"]
[EventDate "2018.01.02"]
[EventType "swiss"]
[EventRounds "11"]
[EventCountry "AUS"]
[SourceTitle "CBM 182 Extra"]
[Source "ChessBase"]
[SourceDate "2018.02.23"]
[SourceVersion "1"]
[SourceVersionDate "2018.02.23"]
[SourceQuality "1"]

1. c4 e5 2. g3 Nf6 3. Bg2 c6 4. Nf3 Qc7 5. d4 e4 6. Ng5 d5 7. cxd5 cxd5 8. 0-0 h6 9. Nh3 Bd6 10. Nc3 0-0 11. Nf4 Qc6 12. Qb3 Bxf4 13. Bxf4 Be6 14. Nb5 Nbd7 15. Rfc1 Qb6 16. Bc7 Qa6 17. e3 Nb6 18. Bf1 Qa4 19. Nxa7 Qxb3 20. axb3 Nc8 21. Nb5 Rxa1 22. Rxa1 Ne8 23. Ba5 Ned6 24. Bb4 Rd8 25. Nc7 Ne8 26. Nxe6 fxe6 27. Ra8 Nc7 28. Rb8 b6 29. Bd6 Ne8 30. Be5 Kf7 31. Ba6 1-0

[Event "ACT-ch"]
[Site "Canberra"]
[Date "2017.03.13"]
[Round "7"]
[White "Lo, Willis"]
[Black "Ikeda, Junta"]
[Result "0-1"]
[WhiteElo "1988"]
[BlackElo "2395"]
[PlyCount "50"]
[EventDate "2017.03.10"]
[EventType "swiss"]
[EventRounds "7"]
[EventCountry "AUS"]
[SourceTitle "EXT 2023"]
[Source "ChessBase"]
[SourceDate "2022.10.05"]
[SourceVersion "1"]
[SourceVersionDate "2022.10.05"]
[SourceQuality "1"]

1. e4 c5 2. Nf3 e6 3. d4 cxd4 4. Nxd4 a6 5. Nc3 b5 6. Bd3 Qb6 7. Nf3 Qc7 8. 0-0 Bb7 9. Re1 Be7 10. e5 f5 11. Bf4 Nh6 12. h3 Nf7 13. Bxf5 b4 14. Ne4 Kf8 15. Nd6 Bxd6 16. exd6 Qc4 17. Be4 Bxe4 18. Nd2 Bxc2 19. Nxc4 Bxd1 20. Raxd1 Nc6 21. Nb6 Ra7 22. Rc1 Nfd8 23. Bg5 Ke8 24. Bxd8 Kxd8 25. Rxe6 Rb7 0-1

[Event "ACT-ch"]
[Site "Canberra"]
[Date "2017.03.10"]
[Round "1"]
[White "Cunningham, Campbell"]
[Black "Lo, Willis"]
[Result "0-1"]
[WhiteElo "1462"]
[BlackElo "1988"]
[PlyCount "76"]
[EventDate "2017.03.10"]
[EventType "swiss"]
[EventRounds "7"]
[EventCountry "AUS"]
[SourceTitle "EXT 2023"]
[Source "ChessBase"]
[SourceDate "2022.10.05"]
[SourceVersion "1"]
[SourceVersionDate "2022.10.05"]
[SourceQuality "1"]

1. e4 c5 2. d4 cxd4 3. c3 dxc3 4. Nxc3 Nc6 5. Nf3 e6 6. Bc4 Qc7 7. Qe2 a6 8. 0-0 Be7 9. Rd1 Nf6 10. Bg5 d6 11. Rac1 0-0 12. Bb3 Qa5 13. Bd2 Qh5 14. Bg5 Rd8 15. Be3 Bd7 16. Bb6 Rdc8 17. h3 Ne5 18. Nxe5 Qxe5 19. Bd4 Qg5 20. Be3 Qg6 21. Bc2 e5 22. Nd5 Nxd5 23. exd5 f5 24. f3 Bg5 25. g4 Qh6 26. Bxg5 Qxg5 27. Kh2 fxg4 28. fxg4 g6 29. Rf1 Rf8 30. Be4 Rf4 31. Rf3 Rxf3 32. Rc7 Qf4+ 33. Kg1 Qg3+ 34. Qg2 Qe1+ 35. Kh2 Qxe4 36. Rxd7 Qf4+ 37. Kg1 Rc8 38. Qe2 Rc1+ 0-1

[Event "ACT-ch"]
[Site "Canberra"]
[Date "2016.02.14"]
[Round "4"]
[White "Lo, Willis"]
[Black "Yin, Wenlin"]
[Result "1/2-1/2"]
[WhiteElo "1983"]
[BlackElo "1941"]
[PlyCount "109"]
[EventDate "2016.02.12"]
[EventType "swiss"]
[EventRounds "9"]
[EventCountry "AUS"]
[SourceTitle "CBM 171 Extra"]
[Source "ChessBase"]
[SourceDate "2016.04.26"]
[SourceVersion "1"]
[SourceVersionDate "2016.04.26"]
[SourceQuality "1"]

1. c4 c5 2. g3 Nc6 3. Nc3 g6 4. Bg2 Bg7 5. a3 d6 6. Rb1 a5 7. Nf3 e5 8. d3 Nge7 9. h4 h6 10. Nd5 Nxd5 11. cxd5 Ne7 12. e4 b5 13. b4 cxb4 14. axb4 a4 15. Be3 Bg4 16. Qd2 Bxf3 17. Bxf3 h5 18. d4 Qd7 19. Be2 0-0 20. dxe5 dxe5 21. Bc5 Rfb8 22. Qg5 f6 23. Qd2 Nc8 24. d6 Bf8 25. 0-0 Bxd6 26. Bxb5 Qxb5 27. Bxd6 Nxd6 28. Qxd6 Ra6 29. Qc7 Rc6 30. Qe7 Qb7 31. Qxb7 Rxb7 32. b5 Rc4 33. f3 Kf7 34. Rf2 Rc3 35. Ra2 Rxf3 36. Rxa4 Rxg3+ 37. Kf2 Rd3 38. b6 Ke6 39. Ra7 Rdd7 40. Rxb7 Rxb7 41. Kf3 f5 42. Rg1 Kf6 43. Rb1 f4 44. Rb5 Ke6 45. Kf2 Kd6 46. Kf3 Ke6 47. Kf2 Kf7 48. Kf3 Kf6 49. Kg2 g5 50. hxg5+ Kxg5 51. Rxe5+ Kg4 52. Rb5 h4 53. e5 Kf5 54. Kh3 f3 55. e6+ 1/2-1/2

[Event "AUS-ch U14"]
[Site "Mooroolbark"]
[Date "2011.01.20"]
[Round "4"]
[White "Lo, Willis"]
[Black "Pyper, Matthew"]
[Result "1-0"]
[WhiteElo "1542"]
[BlackElo "1316"]
[PlyCount "43"]
[EventDate "2011.01.19"]
[EventType "swiss"]
[EventRounds "9"]
[EventCountry "AUS"]
[SourceTitle "EXT 2013"]
[Source "ChessBase"]
[SourceDate "2012.11.22"]
[SourceVersion "1"]
[SourceVersionDate "2012.11.22"]
[SourceQuality "1"]

1. e4 d5 2. exd5 Nf6 3. Bb5+ c6 4. dxc6 Nxc6 5. Nf3 Bg4 6. Be2 Qb6 7. 0-0 Rc8 8. Nc3 e6 9. d3 Bc5 10. Na4 Qa5 11. Nxc5 Qxc5 12. Be3 Qh5 13. Re1 Nb4 14. c3 Nbd5 15. Qa4+ Nd7 16. h3 Nxe3 17. fxe3 Bf5 18. Ne5 Bg4 19. Qxd7+ Kf8 20. Qxc8+ Ke7 21. Qd7+ Kf8 22. Qd8# 1-0

[Event "AUS-ch U14"]
[Site "Mooroolbark"]
[Date "2011.01.19"]
[Round "1"]
[White "Lo, Willis"]
[Black "Ying, Jimmy"]
[Result "1-0"]
[WhiteElo "1542"]
[BlackElo "919"]
[PlyCount "59"]
[EventDate "2011.01.19"]
[EventType "swiss"]
[EventRounds "9"]
[EventCountry "AUS"]
[SourceTitle "EXT 2013"]
[Source "ChessBase"]
[SourceDate "2012.11.22"]
[SourceVersion "1"]
[SourceVersionDate "2012.11.22"]
[SourceQuality "1"]

1. e4 e5 2. Nf3 Nc6 3. Bc4 Nf6 4. d4 exd4 5. e5 d5 6. Bb5 Ne4 7. Nxd4 Bd7 8. Bxc6 bxc6 9. Be3 Be7 10. f3 Nc5 11. f4 Ne6 12. 0-0 0-0 13. f5 Nxd4 14. Qxd4 f6 15. e6 Bc8 16. Qc3 Qe8 17. Bc5 Bd6 18. Bxd6 cxd6 19. Qg3 Qe7 20. Nd2 Ba6 21. Rf4 Rab8 22. b3 Rb5 23. Ra4 Rb6 24. Re1 Bb5 25. Rh4 a5 26. Re3 Kh8 27. Rxh7+ Kg8 28. Rh8+ Kxh8 29. Qh4+ Kg8 30. Rh3 1-0

[Event "Doeberl Cup Minor 48th"]
[Site "Canberra"]
[Date "2010.04.04"]
[Round "6"]
[White "Ingham, Glenn"]
[Black "Lo, Willis"]
[Result "0-1"]
[WhiteElo "1352"]
[BlackElo "1315"]
[PlyCount "74"]
[EventDate "2010.04.02"]
[EventType "swiss"]
[EventRounds "7"]
[EventCountry "AUS"]
[SourceTitle "EXT 2012"]
[Source "ChessBase"]
[SourceDate "2011.11.24"]
[SourceVersion "1"]
[SourceVersionDate "2011.11.24"]
[SourceQuality "1"]

1. e4 c5 2. Nf3 d6 3. d4 cxd4 4. Nxd4 Nf6 5. Nc3 g6 6. Be3 Bg7 7. Qd2 Ng4 8. Bg5 h6 9. Bh4 0-0 10. Nd5 g5 11. Bg3 Nc6 12. c3 Nf6 13. Nxf6+ Bxf6 14. h4 e5 15. Nxc6 bxc6 16. hxg5 hxg5 17. 0-0-0 Be7 18. Bc4 Kg7 19. Rh2 Rh8 20. Rdh1 Rxh2 21. Rxh2 f5 22. exf5 Bxf5 23. Bd3 e4 24. Bxe4 Qd7 25. Bxf5 Qxf5 26. Qd4+ Bf6 27. Qxd6 Rd8 28. Qxc6 Qd3 29. Qb7+ Rd7 30. Qf3 Qd2+ 31. Kb1 Qe1+ 32. Kc2 Rd2+ 33. Kb3 Qe6+ 34. Ka3 Qa6+ 35. Kb3 Qb5+ 36. Ka3 Be7+ 37. b4 Qa6+ 0-1

[Event "Doeberl Cup Minor 48th"]
[Site "Canberra"]
[Date "2010.04.04"]
[Round "5"]
[White "Lo, Willis"]
[Black "Damaschino, Lou"]
[Result "1-0"]
[WhiteElo "1315"]
[BlackElo "1410"]
[PlyCount "77"]
[EventDate "2010.04.02"]
[EventType "swiss"]
[EventRounds "7"]
[EventCountry "AUS"]
[SourceTitle "EXT 2012"]
[Source "ChessBase"]
[SourceDate "2011.11.24"]
[SourceVersion "1"]
[SourceVersionDate "2011.11.24"]
[SourceQuality "1"]

1. e4 c6 2. d4 d5 3. e5 Bf5 4. Nc3 e6 5. g4 Bg6 6. Nge2 h5 7. g5 Ne7 8. Nf4 Nf5 9. h4 Qb6 10. Nfe2 Na6 11. Na4 Qc7 12. a3 Rb8 13. b4 b5 14. Nb2 Rc8 15. Nd3 Be7 16. Ndf4 Nb8 17. Nxg6 fxg6 18. Nf4 0-0 19. Nxe6 Qb6 20. Nxf8 Rxf8 21. Be3 Nd7 22. Rh3 Qc7 23. c3 Nb6 24. Bd3 Qd7 25. Rh2 Na4 26. Qd2 Nxe3 27. fxe3 Qg4 28. Qg2 Qe6 29. Kd2 Bd8 30. Rf1 Rxf1 31. Qxf1 a5 32. Rf2 Be7 33. Rf3 axb4 34. cxb4 Nb6 35. Qh3 Qxh3 36. Rxh3 Nc4+ 37. Bxc4 bxc4 38. Rf3 Bd8 39. e6 1-0